| 000 | 00584cim a2200229 a 4500 | ||
|---|---|---|---|
| 001 | 5738661 | ||
| 005 | 20180130073936.0 | ||
| 007 | ss|lsnjlcnnnue | ||
| 008 | 951130q19901995xx nnn z eng | ||
| 010 | _a 95706193 | ||
| 020 | _a0564018341 | ||
| 035 | _a(DLC) 95706193 | ||
| 040 |
_aDLC _cDLC _dDLC |
||
| 041 | _aeng | ||
| 080 | _a2 bil | ||
| 100 | _a24 | ||
| 101 | _ateo | ||
| 245 | 0 | 0 | _aGood news Bible |
| 906 |
_a7 _bcbc _corignew _d3 _encip _f19 _gy-genmusic |
||
| 942 |
_2ddc _cBK |
||
| 999 |
_c41301 _d41301 |
||